| 000 | 02161nam a2200421 a 4500 | ||
|---|---|---|---|
| 001 | ebr10671183 | ||
| 003 | CaPaEBR | ||
| 006 | m u | ||
| 007 | cr cn||||||||| | ||
| 008 | 110602s2009 nyua sb 001 0 eng d | ||
| 010 | _z 2011282116 | ||
| 020 | _z1606923552 | ||
| 020 | _z9781606923542 | ||
| 020 | _z9781606923559 | ||
| 020 | _z9781614703426 (e-book) | ||
| 040 |
_aCaPaEBR _cCaPaEBR |
||
| 035 | _a(OCoLC)759116914 | ||
| 043 | _an-us--- | ||
| 050 | 1 | 4 |
_aHV551.3 _b.N354 2009eb |
| 082 | 0 | 4 |
_a363.34/80973 _223 |
| 245 | 0 | 0 |
_aNational emergency responses _h[electronic resource] / _cPaul B. Merganthal, editor. |
| 260 |
_aNew York : _bNova Science Publishers, _c2009. |
||
| 300 |
_avii, 141 p. : _bill. |
||
| 490 | 1 | _aNatural disaster research, prediction and mitigation | |
| 504 | _aIncludes bibliographical references and index. | ||
| 505 | 0 | _aNational response framework, January 2008 / U.S. Department of Homeland Security -- National response framework : Fema needs policies and procedures to better integrate non-federal stakeholders in the revision process / United States Government Accountability Office -- Emergency management : observations on DHS's preparedness for catastrophic disasters / William O. Jenkins, Jr. -- Emergency management : GAO responses to post-hearing questions for the record / United States Government Accountability Office - Index. | |
| 533 |
_aElectronic reproduction. _bPalo Alto, Calif. : _cebrary, _d2013. _nAvailable via World Wide Web. _nAccess may be limited to ebrary affiliated libraries. |
||
| 650 | 0 |
_aEmergency management _zUnited States. |
|
| 650 | 0 |
_aCivil defense _zUnited States. |
|
| 650 | 0 |
_aIntergovernmental cooperation _zUnited States. |
|
| 655 | 7 |
_aElectronic books. _2local |
|
| 700 | 1 | _aMerganthal, Paul B. | |
| 710 | 1 |
_aUnited States. _bDept. of Homeland Security. |
|
| 710 | 1 |
_aUnited States. _bGovernment Accountability Office. |
|
| 710 | 2 | _aebrary, Inc. | |
| 830 | 0 | _aNatural disaster research, prediction and mitigation series. | |
| 856 | 4 | 0 |
_uhttp://site.ebrary.com/lib/rucke/Doc?id=10671183 _zAn electronic book accessible through the World Wide Web; click to view |
| 999 |
_c62340 _d62340 |
||